| 000 | 00405nam a22001577a 4500 | ||
|---|---|---|---|
| 003 | MPLRDC | ||
| 005 | 20220104124252.0 | ||
| 008 | 210129b ||||| |||| 00| 0 eng d | ||
| 082 | _a785.28 LSF-2 | ||
| 100 | _aELEANOR ROOSEVELT | ||
| 245 |
_a罗斯福夫人回忆录 _c王维达 译 |
||
| 260 |
_a _b今日世界出版社 _c1964 |
||
| 300 | _b平 | ||
| 650 | _a美国传记 | ||
| 942 |
_cBK _o785.28 LSF-2 |
||
| 999 |
_c17981 _d17971 |
||